000 00500nam a2200133 a 4500
008 120416s1963 ||||||||||||||||| || u
050 _aD 739 Rea
245 1 0 _aSecrets and stories of the war
246 _aThe Reader's Digest Association Ltd.
260 _aLondon
_bReader's Digest Association Ltd
_c1963
300 _av. : ill.
350 _a0.00
995 _D0.00
_FCBU-MAIN LIBRARY (Kitwe)
_H1
_I1.20
_UAVAILABLE
_ZMain Library Open Access Collection
999 _c57193
_d57193